| 000 | 00626nam a22002177a 4500 | ||
|---|---|---|---|
| 005 | 20251108164114.0 | ||
| 008 | 250721s9999 xx 000 0 ara d | ||
| 082 | 1 | 4 | _a217,71/نعم |
| 100 | 1 | _aالنعمان، أبو حنيفة | |
| 245 | 1 | 0 | _aدعائم الإسلام / |
| 250 | _aطبعة منقحة و محققة | ||
| 264 | 1 |
_a[د.م] : _b[د.ن]، _c[19-]. |
|
| 300 | _a615ص. | ||
| 650 | 1 | 7 | _aفقه الإسماعيلية |
| 650 | 1 | 7 | _aالإسلام |
| 650 | 1 | 7 | _aالفقه |
| 650 | 1 | 7 | _aالإسماعيلية |
| 700 | 1 |
_aعبد الغفار، محمد _eتحقيق |
|
| 942 |
_2ddc _cBK |
||
| 999 |
_c3764 _d3764 |
||